00467nam a22001097a 4500999001900000082002100019100005800040245010700098260002500205300001000230952011700240 c516896d516896 aTNC BA27x54 Ah51 aAhmad, Imtiaz and Upadhyay, Shashi Bhushan ed.923729 aDalit assertion in society, history and literaturecEdited by Imtiaz Ahmad and Shashi Bhushan Upadhyay aDelhibDeshkalc2007 a283p. 00102ddc406TNC_BA27X54_AH5170aIIPAbIIPAd2021-03-22oTNC BA27x54 Ah51pGR23370r2021-03-22w2021-03-22yGR